| 000 | 00455nam a22001577a 4500 | ||
|---|---|---|---|
| 003 | SISC | ||
| 005 | 20191118095127.0 | ||
| 008 | 141004b xxu||||| |||| 00| 0 eng d | ||
| 050 |
_aQA 76.6 _b.M697 2014 |
||
| 100 | _aMohan, H.S. | ||
| 245 |
_aCompiler design / _cH.S. Mohan. |
||
| 260 |
_aIndia : _bAlpha Science International Ltd., _c2014. |
||
| 300 |
_a1 v. pages : _billustrations ; _c22 cm. |
||
| 521 | _aInformation Technology | ||
| 942 |
_2lcc _cBK _kFOR |
||
| 999 |
_c276015 _d276015 |
||